000
00212nmm a2200085Ia 4500
008
220120s9999||||xx |||||||||||||||||und||
100
_a
Adams, Dorthy
245
0
_a
Everyday english
260
_a
Cengage learning
_c
2012
999
_c
139729
_d
139729